Giáo trình giải tích 1 : Toán ứng dụng

Giáo trình gồm 4 chương giới thiệu khái quát về hàm số, các định nghĩa, định lý, công thức cơ bản trong toán học như đạo hàm, vi phân, tích phân... cuối mỗi chương có phần bài tập.

Đã lưu trong:
書目詳細資料
主要作者: Trần, Ngọc Liên
格式: 圖書
語言:Undetermined
出版: Cần Thơ Nxb. Đại học Cần Thơ 2014
主題:
標簽: 添加標簽
沒有標簽, 成為第一個標記此記錄!
Thư viện lưu trữ: Trung tâm Học liệu Trường Đại học Cần Thơ
LEADER 00915nam a2200217Ia 4500
001 CTU_188845
008 210402s9999 xx 000 0 und d
020 |c 35000 
082 |a 515 
082 |b L305/T.1 
100 |a Trần, Ngọc Liên 
245 0 |a Giáo trình giải tích 1 : 
245 0 |b Toán ứng dụng 
245 0 |c Trần Ngọc Liên, Lê Hoài Nhân 
260 |a Cần Thơ 
260 |b Nxb. Đại học Cần Thơ 
260 |c 2014 
520 |a Giáo trình gồm 4 chương giới thiệu khái quát về hàm số, các định nghĩa, định lý, công thức cơ bản trong toán học như đạo hàm, vi phân, tích phân... cuối mỗi chương có phần bài tập. 
650 |a Mathematical analysis,Toán giải tích 
904 |i Bằng 
980 |a Trung tâm Học liệu Trường Đại học Cần Thơ